<?xml version="1.0" encoding="UTF-8"?>
<record
    xmlns:xsi="http://www.w3.org/2001/XMLSchema-instance"
    xsi:schemaLocation="http://www.loc.gov/MARC21/slim http://www.loc.gov/standards/marcxml/schema/MARC21slim.xsd"
    xmlns="http://www.loc.gov/MARC21/slim">

  <leader>02302nam a22003737u 4500</leader>
  <controlfield tag="001">pwiiw4525</controlfield>
  <controlfield tag="003">OSt</controlfield>
  <controlfield tag="005">20260516120039.0</controlfield>
  <controlfield tag="008">180514t2018    au ||||| |||| 00| ||eng d</controlfield>
  <datafield tag="040" ind1=" " ind2=" ">
    <subfield code="c">OSt</subfield>
  </datafield>
  <datafield tag="041" ind1=" " ind2=" ">
    <subfield code="a">eng</subfield>
  </datafield>
  <datafield tag="084" ind1=" " ind2=" ">
    <subfield code="a">L16</subfield>
    <subfield code="a">L52</subfield>
    <subfield code="a">F15</subfield>
    <subfield code="a">F14</subfield>
    <subfield code="a">F63</subfield>
    <subfield code="2">jelc</subfield>
  </datafield>
  <datafield tag="100" ind1="1" ind2=" ">
    <subfield code="a">Landesmann, Michael</subfield>
  </datafield>
  <datafield tag="245" ind1="1" ind2="0">
    <subfield code="a">Structural Change, Trade and Global Production Networks</subfield>
  </datafield>
  <datafield tag="260" ind1=" " ind2=" ">
    <subfield code="a">Wien :</subfield>
    <subfield code="b">Wiener Institut f&#xFC;r Internationale Wirtschaftsvergleiche (wiiw),</subfield>
    <subfield code="c">2018.</subfield>
  </datafield>
  <datafield tag="300" ind1=" " ind2=" ">
    <subfield code="a">33 S., </subfield>
    <subfield code="b">1 Table and 10 Figures,</subfield>
    <subfield code="c">30cm.</subfield>
  </datafield>
  <datafield tag="490" ind1="1" ind2=" ">
    <subfield code="a">wiiw Policy Notes and Reports</subfield>
    <subfield code="v">21</subfield>
  </datafield>
  <datafield tag="520" ind1=" " ind2=" ">
    <subfield code="a">An &#x2018;Appropriate Industrial Policy&#x2019; for Peripheral and Catching-up Economies

The global economy has been undergoing rapid structural change: the impressive development processes in a range of emerging economies have induced strong shifts in global trade shares; international production networks (IPNs) are characterising regional and global trading relationships and we observe also persistent changes in the positions of countries in global value chains due to rather rapid technological and human capital upgrading. The aim of this paper is to assess these developments, but also discuss the importance of &#x2013; what we call &#x2013; &#x2018;appropriate industrial policy&#x2019; (AIP) for countries at different developmental stages to support their position in the current global context. We emphasise in particular the role of AIP for European low- and medium-income economies (LMIEs) as the recent financial and economic crisis has shown that they are particularly vulnerable with respect to &#x2018;structural external imbalances&#x2019; and thus policies to support their tradable sectors are of great importance.
</subfield>
  </datafield>
  <datafield tag="650" ind1=" " ind2=" ">
    <subfield code="a">appropriate industrial policy</subfield>
  </datafield>
  <datafield tag="650" ind1=" " ind2=" ">
    <subfield code="a">structural change</subfield>
  </datafield>
  <datafield tag="650" ind1=" " ind2=" ">
    <subfield code="a">structural upgrading</subfield>
  </datafield>
  <datafield tag="650" ind1=" " ind2=" ">
    <subfield code="a">Emerging Europe</subfield>
  </datafield>
  <datafield tag="650" ind1=" " ind2=" ">
    <subfield code="a">emerging economies</subfield>
  </datafield>
  <datafield tag="650" ind1=" " ind2=" ">
    <subfield code="a">international production networks</subfield>
  </datafield>
  <datafield tag="650" ind1=" " ind2=" ">
    <subfield code="a">global value chains</subfield>
  </datafield>
  <datafield tag="650" ind1=" " ind2=" ">
    <subfield code="a">catching up</subfield>
  </datafield>
  <datafield tag="650" ind1=" " ind2=" ">
    <subfield code="a">industrial policy and industrial organisation</subfield>
  </datafield>
  <datafield tag="651" ind1=" " ind2=" ">
    <subfield code="a">European Union</subfield>
  </datafield>
  <datafield tag="690" ind1=" " ind2=" ">
    <subfield code="a">International Trade, Competitiveness and FDI</subfield>
  </datafield>
  <datafield tag="700" ind1="1" ind2=" ">
    <subfield code="a">St&#xF6;llinger, Roman</subfield>
  </datafield>
  <datafield tag="830" ind1=" " ind2="0">
    <subfield code="v">21</subfield>
    <subfield code="w">WIIW0000092</subfield>
    <subfield code="t">wiiw Policy Notes and Reports</subfield>
  </datafield>
  <datafield tag="856" ind1="4" ind2="0">
    <subfield code="u">https://wiiw.ac.at/p-4525.html</subfield>
  </datafield>
  <datafield tag="942" ind1=" " ind2=" ">
    <subfield code="c">P</subfield>
  </datafield>
  <datafield tag="999" ind1=" " ind2=" ">
    <subfield code="c">8510</subfield>
    <subfield code="d">8510</subfield>
  </datafield>
  <datafield tag="952" ind1=" " ind2=" ">
    <subfield code="0">0</subfield>
    <subfield code="1">0</subfield>
    <subfield code="4">0</subfield>
    <subfield code="7">0</subfield>
    <subfield code="a">BIB</subfield>
    <subfield code="b">BIB</subfield>
    <subfield code="c">1</subfield>
    <subfield code="d">2018-05-14</subfield>
    <subfield code="i">pwiiw4525</subfield>
    <subfield code="l">0</subfield>
    <subfield code="o">/21</subfield>
    <subfield code="p">1000010004525</subfield>
    <subfield code="r">2018-05-14 00:00:00</subfield>
    <subfield code="w">2018-07-19</subfield>
    <subfield code="y">P</subfield>
  </datafield>
</record>
